Deníček Camille G. Troječka : při čtení se budete tak smát, až se vám bude chtít... /
Humorná vyprávění z dětského i dospělého života autorky.
Uloženo v:
| Série: | Deníček Camille G,
část 3 |
|---|---|
| Hlavní autor: | |
| Další autoři: | |
| Médium: | E-kniha |
| Jazyk: | Czech |
| Vydáno: |
V Brně :
CPress,
2023
|
| Vydání: | 1. vydání |
| Témata: | |
| Příbuzné jednotky: | Z cyklu::
Deníček Camille G |
| Tagy: |
Žádné tagy |
| LEADER | 02870nam a2200589 i 4500 | ||
|---|---|---|---|
| 001 | 312089 | ||
| 003 | CZ PrSKC | ||
| 005 | 20260601215716.0 | ||
| 007 | ta | ||
| 008 | 230808s2023 xr a g 000 jacze | ||
| 015 | |a cnb003536292 | ||
| 020 | |a 9788026448464 |q (vázáno) : |c Kč 349,00 | ||
| 035 | |a (OCoLC)1396729478 | ||
| 040 | |a ABG001 |b cze |e rda | ||
| 045 | |a x-y- | ||
| 072 | 7 | |a 821.162.3-3 |x Česká próza |2 Konspekt | |
| 072 | 7 | |a 929 |x Biografie |2 Konspekt | |
| 080 | |a 821.162.3-32 |2 MRF | ||
| 080 | |a 821.162.3-055.2 |2 MRF | ||
| 080 | |a 929 |2 MRF | ||
| 080 | |a (0:82-322.6) |2 MRF | ||
| 080 | |a (0:82-321.5) |2 MRF | ||
| 100 | 0 | |a Camille G |7 xx0277017 |4 aut | |
| 245 | 1 | 0 | |a Deníček Camille G. |p Troječka : při čtení se budete tak smát, až se vám bude chtít... / |c Camille G ; ilustrovala Iveta Matušková |
| 246 | 1 | |i Název části v tiráži: |a Troječka, aneb, Při čtení se budete tak smát, až se vám bude chtít... | |
| 246 | 3 | 0 | |a Troječka |
| 246 | 3 | 0 | |a Při čtení se budete tak smát, až se vám bude chtít... |
| 250 | |a 1. vydání | ||
| 264 | 1 | |a V Brně : |b CPress, |c 2023 | |
| 300 | |a 182 stran : |b ilustrace ; |c 22 cm | ||
| 336 | |a text |b txt |2 rdacontent | ||
| 337 | |a bez média |b n |2 rdamedia | ||
| 338 | |a svazek |b nc |2 rdacarrier | ||
| 520 | 2 | |a Humorná vyprávění z dětského i dospělého života autorky. |b Autorka podává další příběhy ze svého dětství, dospívání i dospělého rodinného života s humorem až rozjíveným, vypráví o svých nejintimnějších a často ne právě lichotivých zážitcích a ve svém vyprávění nešetří ani sebe, ani nikoho ze svých lidských či zvířecích blízkých. | |
| 600 | 0 | 7 | |a Camille G |7 xx0277017 |2 czenas |
| 648 | 7 | |a 20.-21. století |7 ch462155 |2 czenas | |
| 650 | 0 | 7 | |a české spisovatelky |7 ph128153 |y 20.-21. století |2 czenas |
| 650 | 0 | 9 | |a Czech women authors |y 20th-21st centuries |2 eczenas |
| 655 | 7 | |a české příběhy |7 fd133973 |2 czenas | |
| 655 | 7 | |a autobiografické příběhy |7 fd131891 |2 czenas | |
| 655 | 7 | |a humoristické příběhy |7 fd132430 |2 czenas | |
| 655 | 9 | |a Czech stories |2 eczenas | |
| 655 | 9 | |a autobiographical stories |2 eczenas | |
| 655 | 9 | |a humorous stories |2 eczenas | |
| 700 | 1 | |a Matušková, Iveta, |d 1989- |7 xx0282111 |4 ill | |
| 787 | 0 | 8 | |i Z cyklu: |t Deníček Camille G |g 3 |
| 900 | |a ABA001 |b 21 | ||
| 928 | 9 | |a Albatros Media - CPress | |
| 044 | |a xr | ||
| 910 | |a RBIT002 | ||
| 998 | |d 386637 |a https://core.palmknihy.cz/api/books/386637/cover?siba0l |b https://core.palmknihy.cz/api/books/386637/cover/400?siba0l |c https://core.palmknihy.cz/api/books/386637/cover/50?siba0l |e 2033-12-31 |g 184 |i 9788026448464 |j https://core.palmknihy.cz/api/books/386637/preview.epub |k https://core.palmknihy.cz/api/books/386637/preview.pdf |l |q 49 |r 1 |s https://www.palmknihy.cz/kniha/386637 |t ebook |y 2023 |z 0 |v Deníček Camille G |w 4 | ||
| 999 | |d 312087 | ||